Τα ταξίδια στο Βόρειο Πόλο
Saved in:
| Main Author: | |
|---|---|
| Other Authors: | , |
| Format: | Book |
| Language: | Greek Italian |
| Published: |
Αθήνα :
Άμμος,
c1989.
|
| Series: | Βιβλία της Άμμου
|
| Subjects: | |
| Tags: |
Add Tag
No Tags, Be the first to tag this record!
|
MARC
| LEADER | 00000cam a2200000 i 4500 | ||
|---|---|---|---|
| 001 | 1/81195 | ||
| 008 | 960829s1989 gr | ||| |||| ||gre|| | ||
| 035 | |a 1995 |b 1 |c Μαμαλίγκα |l 10033633 | ||
| 040 | |a GR-MY-UA |b gre |e aacr | ||
| 041 | 1 | |a gre |h ita | |
| 082 | 7 | |a 919.804 |2 (22) | |
| 100 | 1 | |a Ceserani, Gian Paolo, |d 1939- | |
| 245 | 1 | 3 | |a Τα ταξίδια στο Βόρειο Πόλο / |c Gian Paolo Ceserani ; εικονογράφηση: Piero Ventura ; μετάφραση: Αλέξα Αποστολάκη. |
| 260 | |a Αθήνα : |b Άμμος, |c c1989. | ||
| 300 | |a [χωρίς σελιδαρίθμηση] : |b έγχρ. εικ. ; |c 30 εκ. | ||
| 490 | 1 | |a (Βιβλία της Άμμου) | |
| 500 | |a Τίτλος πρωτοτύπου: I viaggi al polo nord. | ||
| 650 | 0 | 0 | |a Explorers |z North Pole |x Biography |x Juvenile literature. |
| 651 | 0 | |a Arctic regions |x Discovery and exploration |x Juvenile literature. | |
| 700 | 1 | |a Ventura, Piero, |e ill | |
| 700 | 1 | |a Αποστολάκη, Αλέξα, |e trlf | |
| 830 | 0 | |a Βιβλία της Άμμου | |
| 852 | |a INST |b RHODES |e 19960829 |h 919.804 CES |p 005400007099 |q 005400007099 |t BK |y 0 | ||
| 909 | |a Ρ |b 040020 | ||
| 970 | |a ΧΟΡΟΖΙΔΟΥ |b ΤΖΕΝΗ |z 2000/02/15 | ||